000 00638nam a2200253Ia 4500
001 8343
005 20240113234105.0
007 ta
008 050718s1961 a g b000 u eng u
020 _cPB
040 _aCotton College,Assam
041 _aeng
082 _a950
_bSi 64 F
100 _aSingh, Rajendra .
245 0 _aFar East in Ferment /
_cRajendra Singh.
_hTextual Documents
250 _a1st ed. /
260 _aIndia :
_bArmy Educational Stores ,
_c1961.
300 _a274p. :
_bill. ;
_c24cm .
653 _aHistory
653 _aPG-History
942 _2ddc
_cBK
999 _c8330
_d8330